[Event "?"]
[Site "ICS Rated blitz match, 208.19"]
[Date "1997.??.??"]
[Round "?"]
[White "Brause"]
[Black "GeorgeJohn"]
[Result "1-0"]
[WhiteElo "2590"]
[BlackElo "2275"]
[PlyCount "62"]

1. e4 e5 2. Nf3 Nc6 3. Nc3 Nf6 4. Nxe5 Nxe5 5. d4 Nc6 6. d5 Ne5 7. f4 Ng6 8. e5
Ng8 9. d6 cxd6 10. exd6 Qh4+ 11. g3 Qf6 12. Nb5 Kd8 13. Be3 b6 14. Nxa7 Qxb2
15. Rb1 Qxa2 16. Bxb6+ Ke8 17. Nb5 Rb8 18. Ra1 Qe6+ 19. Kf2 Rxb6 20. Nc7+ Kd8
21. Nxe6+ fxe6 22. Bg2 Nf6 23. Ra8 Rxd6 24. Qe2 Rb6 25. Qc4 Ne7 26. Qc5 Rb2 27.
Qa5+ Ke8 28. Qc3 Rb6 29. Qc7 Rb2 30. f5 exf5 31. Rxc8+ Kf7 1-0

[Event "?"]
[Site "ICS Rated blitz match, 208.19"]
[Date "1997.??.??"]
[Round "?"]
[White "Brause"]
[Black "American"]
[Result "1-0"]
[WhiteElo "2600"]
[BlackElo "2180"]
[PlyCount "107"]

1. e4 e5 2. Nf3 Nc6 3. Nc3 Nf6 4. Nxe5 Nxe5 5. d4 Nc6 6. d5 Ne5 7. f4 Ng6 8. e5
Ng8 9. d6 a6 10. h4 cxd6 11. exd6 Qf6 12. Qe2+ Qe6 13. h5 Qxe2+ 14. Bxe2 Bxd6
15. hxg6 fxg6 16. Be3 Bb4 17. Bd4 Nf6 18. O-O-O O-O 19. Bc4+ Kh8 20. Ne4 Nh5
21. Be5 d5 22. Bxd5 Nf6 23. Bxf6 gxf6 24. Bxb7 Bxb7 25. Rd7 Rf7 26. Rxf7 Bxe4
27. Rhxh7+ Kg8 28. Rfg7+ Kf8 29. Rd7 Kg8 30. Rhg7+ Kh8 31. g3 Rc8 32. c3 Bxc3
33. bxc3 Rxc3+ 34. Kd2 Rd3+ 35. Rxd3 Bxd3 36. Rf7 Bc4 37. Rxf6 Kg7 38. Rc6 Bxa2
39. Rxa6 Bc4 40. Rb6 Kf7 41. g4 Be6 42. g5 Ke7 43. Ke3 Bf5 44. Kd4 Kd7 45. Kd5
Kc7 46. Rf6 Bb1 47. f5 gxf5 48. g6 f4 49. g7 Ba2+ 50. Ke5 Bg8 51. Rxf4 Kc6 52.
Rf8 Ba2 53. g8=B Bxg8 54. Rxg8 1-0

[Event "?"]
[Site "ICS Rated blitz match, 208.19"]
[Date "1997.??.??"]
[Round "?"]
[White "Brause"]
[Black "Dorobanov"]
[Result "0-1"]
[WhiteElo "2620"]
[BlackElo "2450"]
[PlyCount "140"]

1. e4 e5 2. Nf3 Nc6 3. Nc3 Nf6 4. Nxe5 Nxe5 5. d4 Ng6 6. e5 Ng8 7. Bc4 d5 8.
Nxd5 c6 9. Nf4 N8e7 10. O-O Nxf4 11. Bxf4 Ng6 12. Be3 Be6 13. Bxe6 fxe6 14. Qg4
Qd7 15. Rae1 Be7 16. b3 O-O 17. Rd1 Bd8 18. Qe4 Qf7 19. g3 Qf5 20. Qd3 Qxd3 21.
Rxd3 Bb6 22. Rfd1 Rf3 23. Kg2 Raf8 24. R3d2 R3f7 25. Re2 Bc7 26. Rd3 Ne7 27.
Bc1 h6 28. Ba3 g5 29. Bd6 Bxd6 30. exd6 Nf5 31. Rxe6 Rf6 32. Rxf6 Rxf6 33. d7
Rd6 34. g4 Ne7 35. Kf3 Rxd7 36. Ke4 Kf7 37. Rf3+ Ke6 38. Rh3 Ng8 39. Rg3 Nf6+
40. Kd3 Kf7 41. c4 Kg6 42. Rg2 Re7 43. Rg1 Re4 44. f3 Re7 45. b4 Kf7 46. a4 Nd7
47. Rf1 Re6 48. f4 gxf4 49. Rxf4+ Rf6 50. Rf5 Rxf5 51. gxf5 Kf6 52. Ke4 Nb6 53.
d5 Nxc4 54. dxc6 bxc6 55. Kd4 Nb6 56. a5 Nd7 57. Ke4 Kg5 58. Kd4 Kxf5 59. Ke3
Ke5 60. Kd3 Kd5 61. Kc3 a6 62. Kb3 Kd4 63. h3 h5 64. h4 Ne5 65. Kb2 Nf3 66. Kc2
Nxh4 67. Kd2 Kc4 68. Ke3 Kxb4 69. Kf4 Kxa5 70. Kg3 Ng6 0-1

[Event "?"]
[Site "ICS Rated blitz match, 208.19"]
[Date "1997.??.??"]
[Round "?"]
[White "Brause"]
[Black "oldtimer"]
[Result "0-1"]
[WhiteElo "2600"]
[BlackElo "2465"]
[PlyCount "117"]

1. e4 e5 2. Nf3 Nc6 3. Nc3 Nf6 4. Nxe5 Nxe5 5. d4 Ng6 6. e5 Ng8 7. Bc4 d5 8.
Nxd5 Be6 9. Ne3 Bxc4 10. Nxc4 c5 11. d5 b5 12. Na3 Nxe5 13. Nxb5 Qa5+ 14. Nc3
Qa6 15. Bf4 Bd6 16. Ne4 Nf6 17. Nxd6+ Qxd6 18. Qe2 Nfd7 19. Bxe5 Qxe5 20. Qxe5+
Nxe5 21. f4 Nc4 22. O-O-O Kd7 23. Rhe1 Rhe8 24. b3 Nd6 25. Re5 f6 26. Ree1 Rxe1
27. Rxe1 Re8 28. Rxe8 Kxe8 29. Kd2 Kf7 30. Ke3 h5 31. g3 g5 32. c3 a5 33. Ke2
Kg6 34. Kf3 Kf5 35. fxg5 fxg5 36. Ke3 Ke5 37. c4 Ne4 38. Kd3 Nf2+ 39. Ke2 Ng4
40. h3 Nf6 41. Ke3 Ne4 42. g4 hxg4 43. hxg4 Nf6 44. Kf3 Kd4 45. d6 Ke5 46. d7
Nxd7 47. Ke3 Nf6 48. Kf3 Kd4 49. Kf2 Nxg4+ 50. Kf3 Ne5+ 51. Ke2 Ke4 52. Kf2 Kd3
53. Kg3 Ke3 54. Kg2 Kf4 55. a3 a4 56. bxa4 Nxc4 57. a5 Nxa5 58. Kf2 g4 59. Ke1
0-1

[Event "?"]
[Site "ICS Rated blitz match, 208.19"]
[Date "1997.??.??"]
[Round "?"]
[White "Brause"]
[Black "oldtimer"]
[Result "0-1"]
[WhiteElo "2585"]
[BlackElo "2485"]
[PlyCount "111"]

1. e4 e5 2. Nf3 Nc6 3. Nc3 Nf6 4. Nxe5 Nxe5 5. d4 Ng6 6. e5 Ng8 7. Bc4 d5 8.
Nxd5 Be6 9. Ne3 Bxc4 10. Nxc4 c5 11. d5 b5 12. Na3 Nxe5 13. Nxb5 Qa5+ 14. Nc3
Qa6 15. Bf4 Bd6 16. Ne4 Nf6 17. Nxd6+ Qxd6 18. Qe2 Nfd7 19. Bxe5 Qxe5 20. Qxe5+
Nxe5 21. f4 Nc4 22. O-O-O Kd7 23. Rhe1 Rhe8 24. b3 Nd6 25. Re5 f6 26. Rxe8 Rxe8
27. c4 Re2 28. Rd2 Re1+ 29. Kb2 Ne4 30. Rc2 Rf1 31. g3 Rf2 32. Rxf2 Nxf2 33. a3
Ng4 34. h3 Nf2 35. b4 Kd6 36. Kb3 Nxh3 37. Ka4 Nf2 38. Kb5 Nd3 39. f5 g6 40.
fxg6 hxg6 41. Ka4 f5 42. Kb3 g5 43. Kc2 cxb4 44. axb4 Nxb4+ 45. Kc3 Kc5 46. Kd2
Kxc4 47. d6 Kd4 48. d7 Nc6 49. Kd1 Kd3 50. Ke1 a5 51. Kd1 a4 52. Kc1 Kc3 53.
Kb1 f4 54. gxf4 gxf4 55. Kc1 a3 56. Kd1 0-1

[Event "?"]
[Site "ICS Rated blitz match, 208.19"]
[Date "1997.??.??"]
[Round "?"]
[White "Brause"]
[Black "oldtimer"]
[Result "0-1"]
[WhiteElo "2660"]
[BlackElo "2545"]
[PlyCount "96"]

1. e4 e5 2. Nf3 Nc6 3. Nc3 Nf6 4. Nxe5 Nxe5 5. d4 Ng6 6. e5 Ng8 7. Bc4 d5 8.
Nxd5 Be6 9. Ne3 Bxc4 10. Nxc4 c5 11. d5 b5 12. Na3 Nxe5 13. Nxb5 Qa5+ 14. Nc3
Bd6 15. O-O Ne7 16. f4 Nd7 17. Qg4 g6 18. Re1 Rd8 19. Qh4 O-O 20. Rxe7 Bxe7 21.
Qxe7 Rfe8 22. Qg5 Qb4 23. f5 Qd4+ 24. Kf1 Nf6 25. fxg6 fxg6 26. Qd2 Qe5 27. g4
Nxg4 28. Kg1 Rf8 29. Rb1 Rf2 30. Qxf2 Nxf2 31. Kxf2 Qxh2+ 32. Ke3 Qxc2 33. a4
Re8+ 34. Kf3 Qd3+ 35. Kg2 Re1 36. d6 Qf1+ 37. Kg3 Qg1+ 38. Kf3 Rf1+ 39. Ke2
Rf2+ 40. Kd3 Qf1+ 41. Ke3 Rf3+ 42. Ke4 Qd3+ 43. Ke5 Qd4+ 44. Ke6 Rf6+ 45. Kd7
Qxd6+ 46. Kc8 Rf7 47. Bg5 Qd7+ 48. Kb8 Qb7# 0-1

[Event "?"]
[Site "ICS Rated blitz match, 208.19"]
[Date "1997.??.??"]
[Round "?"]
[White "Brause"]
[Black "evbad"]
[Result "1-0"]
[WhiteElo "2570"]
[BlackElo "2385"]
[PlyCount "47"]

1. e4 e5 2. Nf3 Nc6 3. Nc3 Nf6 4. Nxe5 Nxe5 5. d4 Ng6 6. e5 Ng8 7. Bc4 d6 8.
Qf3 Be6 9. Qxb7 Rb8 10. Bb5+ Bd7 11. Bxd7+ Kxd7 12. Qxa7 dxe5 13. dxe5 Nxe5 14.
Bg5 Nf6 15. O-O-O+ Bd6 16. Rxd6+ Kxd6 17. Rd1+ Ke6 18. Rxd8 Rhxd8 19. Qxc7 Rbc8
20. Qb6+ Kf5 21. f4 Nc4 22. Qb5+ Kg4 23. Ne2 Rd5 24. Qb3 1-0

[Event "?"]
[Site "ICS Rated blitz match, 208.19"]
[Date "1997.??.??"]
[Round "?"]
[White "Brause"]
[Black "grouchy"]
[Result "0-1"]
[WhiteElo "2575"]
[BlackElo "2835"]
[PlyCount "110"]

1. e4 e5 2. Nf3 Nc6 3. Nc3 Nf6 4. Nxe5 Nxe5 5. d4 Nc6 6. d5 Ne5 7. f4 Ng6 8. e5
Ng8 9. d6 a6 10. h4 cxd6 11. exd6 Qf6 12. Qe2+ Qe6 13. h5 Bxd6 14. hxg6 fxg6
15. Be3 Nf6 16. O-O-O O-O 17. Qf3 Be7 18. Bd4 Qc6 19. Be2 Bb4 20. Qh3 d5 21. g4
Bxc3 22. Bxc3 h6 23. Be5 Ne4 24. Qf3 Bd7 25. Rd4 g5 26. f5 Rae8 27. Bh2 g6 28.
Rhd1 gxf5 29. gxf5 Bxf5 30. Bd3 Bh7 31. Qh5 Kg7 32. Bg1 Ng3 33. Qh3 Ne2+ 34.
Kb1 Bxd3 35. R4xd3 Nf4 36. Bd4+ Kg8 37. Qg3 Nxd3 38. Qxd3 Re4 39. Qh3 Rfe8 40.
Qh1 Re2 41. Bc3 R8e4 42. Qf3 d4 43. Qh5 dxc3 44. bxc3 Re1 45. Kb2 Qb6+ 46. Kc1
Re6 47. a4 Qe3+ 48. Kb2 Rb6+ 49. Ka2 Qe6+ 50. Ka3 Qc6 51. Qg6+ Qxg6 52. a5 Rxd1
53. axb6 Qxc2 54. c4 Qc3+ 55. Ka4 Ra1# 0-1

[Event "?"]
[Site "ICS Rated blitz match, 208.19"]
[Date "1997.??.??"]
[Round "?"]
[White "Brause"]
[Black "Dorobanov"]
[Result "1-0"]
[WhiteElo "2570"]
[BlackElo "2315"]
[PlyCount "77"]

1. e4 e5 2. Nf3 Nc6 3. Nc3 Nf6 4. Nxe5 Nxe5 5. d4 Ng6 6. e5 Ng8 7. Bc4 d5 8.
Nxd5 Be6 9. Ne3 Bxc4 10. Nxc4 c5 11. d5 b5 12. Na3 Nxe5 13. O-O Bd6 14. f4 Nd7
15. Nxb5 Qb6 16. c4 Ne7 17. Qg4 g6 18. Qh3 a6 19. Nxd6+ Qxd6 20. f5 O-O-O 21.
Bg5 f6 22. Bf4 Qb6 23. fxg6 hxg6 24. Qc3 Nf5 25. Qc2 Rhe8 26. g4 Nd4 27. Qxg6
Ne2+ 28. Kh1 Nxf4 29. Rxf4 Qxb2 30. Raf1 Rh8 31. R1f2 Qc1+ 32. Kg2 Rdg8 33. Qf5
Qe3 34. Re4 Qh3+ 35. Kg1 Rh4 36. Rg2 Kc7 37. Re7 Rd8 38. Qf4+ Kc8 39. Re3 1-0

[Event "?"]
[Site "ICS Rated blitz match, 208.19"]
[Date "1997.??.??"]
[Round "?"]
[White "Brause"]
[Black "Dorobanov"]
[Result "0-1"]
[WhiteElo "2575"]
[BlackElo "2310"]
[PlyCount "132"]

1. e4 e5 2. Nf3 Nc6 3. Nc3 Nf6 4. Nxe5 Nxe5 5. d4 Ng6 6. e5 Ng8 7. Bc4 d5 8.
Nxd5 c6 9. Nf4 Nxf4 10. Bxf4 Be6 11. Bxe6 fxe6 12. c3 Qd7 13. O-O Qf7 14. Be3
Ne7 15. Rc1 Nd5 16. c4 Nf4 17. Qd2 Ng6 18. Rfd1 Rd8 19. Qa5 b6 20. Qa4 Qd7 21.
b4 Be7 22. b5 cxb5 23. cxb5 O-O 24. a3 Nf4 25. Rc6 Nd5 26. Rdc1 Rc8 27. Qc2
Rxc6 28. bxc6 Qc7 29. a4 Rc8 30. Qe4 Qd8 31. Qg4 Nc7 32. Bh6 Bf8 33. Bg5 Qe8
34. Qe2 Nd5 35. Qb5 Be7 36. Bd2 Bf8 37. Qc4 h6 38. a5 bxa5 39. Bxa5 Be7 40. h3
Bd8 41. Bd2 Bb6 42. Kh1 Kf7 43. f4 g6 44. f5 gxf5 45. Bxh6 Ne7 46. Rd1 Qxc6 47.
Qe2 Qe4 48. Qh5+ Ng6 49. d5 exd5 50. Rf1 Rc6 51. Qxf5+ Qxf5 52. Rxf5+ Kg8 53.
Bg5 Re6 54. Rf6 Rxf6 55. exf6 Kf7 56. h4 Bd8 57. h5 Ne5 58. g3 Bxf6 59. Be3 a5
60. Kg2 Nc4 61. Bc5 a4 62. g4 a3 63. Bxa3 Nxa3 64. Kf3 d4 65. Ke4 Nb5 66. Kd3
Kg7 0-1

[Event "?"]
[Site "ICS Rated blitz match, 208.19"]
[Date "1997.??.??"]
[Round "?"]
[White "Brause"]
[Black "Dorobanov"]
[Result "0-1"]
[WhiteElo "2550"]
[BlackElo "2335"]
[PlyCount "128"]

1. e4 e5 2. Nf3 Nc6 3. Nc3 Nf6 4. Nxe5 Nxe5 5. d4 Ng6 6. e5 Ng8 7. Bc4 d5 8.
Nxd5 c6 9. Nf4 Nxf4 10. Bxf4 Be6 11. Bxe6 fxe6 12. c3 Ne7 13. O-O Ng6 14. Qg4
Nxf4 15. Qxf4 Qd7 16. Qg5 Qe7 17. Qe3 Qf7 18. b4 Be7 19. Qe4 O-O 20. b5 Rac8
21. bxc6 Rxc6 22. Rab1 Bd8 23. f3 Bb6 24. Rb3 Rfc8 25. Qd3 Qc7 26. Rc1 Qd7 27.
Rd1 Rc4 28. Qe3 Qd5 29. Rd3 Qa5 30. Qd2 Ra4 31. Kf1 Rxa2 32. Rb2 Ra1+ 33. Ke2
Rg1 34. Kf2 Qa1 35. Rc2 Qf1+ 36. Ke3 Qe1+ 37. Qxe1 Rxe1+ 38. Kd2 Rb1 39. Ke3
Rb3 40. h4 Rc4 41. Kd2 Ba5 42. g4 Kf8 43. h5 Ke7 44. f4 g6 45. Ra2 b6 46. Rc2
Ra3 47. Rc1 a6 48. Rc2 b5 49. hxg6 hxg6 50. f5 gxf5 51. gxf5 exf5 52. d5 Rcxc3
53. Rcxc3 Rxc3 54. Rxc3 f4 55. d6+ Ke6 56. Kc2 Bxc3 57. Kxc3 a5 58. Kd4 f3 59.
d7 Kxd7 60. Ke3 Ke6 61. Kxf3 a4 62. Ke3 a3 63. Kd3 a2 64. Kc3 a1=Q+ 0-1

[Event "?"]
[Site "ICS Rated blitz match, 208.19"]
[Date "1997.??.??"]
[Round "?"]
[White "Brause"]
[Black "Dorobanov"]
[Result "0-1"]
[WhiteElo "2525"]
[BlackElo "2360"]
[PlyCount "140"]

1. e4 e5 2. Nf3 Nc6 3. Nc3 Nf6 4. Nxe5 Nxe5 5. d4 Ng6 6. e5 Ng8 7. Bc4 d5 8.
Nxd5 c6 9. Nf4 Nxf4 10. Bxf4 Be6 11. Bxe6 fxe6 12. c3 Ne7 13. Qg4 Qd7 14. O-O
Ng6 15. Bg5 Be7 16. Bxe7 Qxe7 17. Rae1 O-O 18. Re4 Qf7 19. Qe2 Qf5 20. g3 Qh3
21. Re3 Rf7 22. Qc4 Raf8 23. Qc5 Rf5 24. f3 a6 25. Qd6 R5f7 26. Rf2 Qf5 27. Re4
Qxe4 28. fxe4 Rxf2 29. Qxe6+ Kh8 30. b4 Rc2 31. Qd7 Rff2 32. Qc8+ Nf8 33. h4
Rg2+ 34. Kf1 Rcf2+ 35. Ke1 Kg8 36. Qg4 Rxa2 37. Kf1 Raf2+ 38. Ke1 Rc2 39. Kf1
Rcf2+ 40. Ke1 Re2+ 41. Qxe2 Rxe2+ 42. Kxe2 Kf7 43. Kd3 Ke6 44. g4 Ng6 45. h5
Nf8 46. g5 h6 47. gxh6 gxh6 48. Kc4 Nd7 49. Kb3 b6 50. Kc2 Nxe5 51. dxe5 Kxe5
52. Kb2 Kxe4 53. Kc2 a5 54. bxa5 bxa5 55. Kb3 Kd3 56. Ka4 Kxc3 57. Kxa5 c5 58.
Ka4 c4 59. Ka3 Kd2 60. Kb4 c3 61. Kc4 c2 62. Kd4 c1=Q 63. Ke4 Qd1 64. Kf4 Qxh5
65. Kg3 Qg5+ 66. Kf2 Qf4+ 67. Kg2 Ke2 68. Kh3 Qg5 69. Kh2 Kf2 70. Kh3 Qh5# 0-1

[Event "?"]
[Site "ICS Rated blitz match, 208.19"]
[Date "1997.??.??"]
[Round "?"]
[White "Brause"]
[Black "brit"]
[Result "1-0"]
[WhiteElo "2650"]
[BlackElo "2080"]
[PlyCount "85"]

1. e4 e5 2. Nf3 Nc6 3. Nc3 Nf6 4. Nxe5 Nxe5 5. d4 Nc6 6. d5 Bb4 7. dxc6 Nxe4 8.
Qd4 Qe7 9. Be2 O-O 10. cxb7 Bxb7 11. O-O Nxc3 12. bxc3 Qxe2 13. cxb4 Qe4 14.
Qxe4 Bxe4 15. Bf4 d6 16. f3 Bg6 17. Rfe1 Rfe8 18. Kf2 Kf8 19. c3 Rxe1 20. Rxe1
Re8 21. Rxe8+ Kxe8 22. b5 Kd7 23. Be3 Bd3 24. a4 Bc2 25. a5 Bd3 26. Bxa7 Bxb5
27. Bd4 f6 28. h4 c5 29. Be3 Kc6 30. Bf4 Bd3 31. h5 h6 32. g4 Bb5 33. Ke3 Ba6
34. Ke4 Bc8 35. Bg3 d5+ 36. Ke3 Ba6 37. Bb8 Bc8 38. Kf4 Kb7 39. Bd6 Ka6 40.
Bxc5 Kb5 41. Bf8 Kxa5 42. Bxg7 Kb5 43. Bxh6 1-0

[Event "?"]
[Site "ICS Rated blitz match, 208.19"]
[Date "1997.??.??"]
[Round "?"]
[White "Brause"]
[Black "brit"]
[Result "1-0"]
[WhiteElo "2655"]
[BlackElo "2080"]
[PlyCount "51"]

1. e4 e5 2. Nf3 Nc6 3. Nc3 Nf6 4. Nxe5 Nxe5 5. d4 Nc6 6. d5 Bb4 7. Bg5 Ne7 8.
Bxf6 gxf6 9. Qd4 Bxc3+ 10. Qxc3 Ng6 11. O-O-O d6 12. Rd4 Bd7 13. f3 O-O 14. Rb4
b6 15. g4 Rc8 16. Ba6 Rb8 17. h4 Re8 18. Kb1 Kf8 19. h5 Ne5 20. Bf1 a5 21. Rd4
c5 22. dxc6 Bxc6 23. Be2 Qd7 24. Rhd1 Rec8 25. Qa3 Ke7 26. Rxd6 1-0

[Event "?"]
[Site "ICS Rated blitz match, 208.19"]
[Date "1997.??.??"]
[Round "?"]
[White "Brause"]
[Black "brit"]
[Result "1-0"]
[WhiteElo "2655"]
[BlackElo "2080"]
[PlyCount "47"]

1. e4 e5 2. Nf3 Nc6 3. Nc3 Nf6 4. Nxe5 Nxe5 5. d4 Ng6 6. e5 Bb4 7. exf6 Qxf6 8.
Bc4 d6 9. O-O Bxc3 10. Qe2+ Qe7 11. bxc3 Qxe2 12. Bxe2 O-O 13. Bf3 c6 14. Ba3
Rd8 15. Rab1 Rb8 16. Bxc6 Bf5 17. Rxb7 Rxb7 18. Bxb7 Bxc2 19. Re1 Kf8 20. g3
Ne7 21. f4 Ba4 22. c4 Bc6 23. Rxe7 Kxe7 24. Bxc6 1-0

[Event "?"]
[Site "ICS Rated blitz match, 208.19"]
[Date "1997.??.??"]
[Round "?"]
[White "Brause"]
[Black "brit"]
[Result "1-0"]
[WhiteElo "2655"]
[BlackElo "2080"]
[PlyCount "43"]

1. e4 e5 2. Nf3 Nc6 3. Nc3 Nf6 4. Nxe5 Nxe5 5. d4 Ng6 6. e5 Bb4 7. exf6 Qxf6 8.
Bc4 O-O 9. O-O Bxc3 10. bxc3 d6 11. Rb1 b6 12. Be3 Be6 13. Bxe6 fxe6 14. Qe2
Rf7 15. h3 e5 16. d5 Nf4 17. Bxf4 Qxf4 18. Rb4 Qf5 19. Rb2 a5 20. Qc4 Re8 21.
Qc6 e4 22. Qxe8+ 1-0

[Event "?"]
[Site "ICS Rated blitz match, 208.19"]
[Date "1997.??.??"]
[Round "?"]
[White "Brause"]
[Black "brit"]
[Result "1-0"]
[WhiteElo "2655"]
[BlackElo "2075"]
[PlyCount "37"]

1. e4 e5 2. Nf3 Nc6 3. Nc3 Nf6 4. Nxe5 Nxe5 5. d4 Ng6 6. e5 Ng8 7. Bc4 Bb4 8.
Qf3 f5 9. h4 Bxc3+ 10. bxc3 d6 11. h5 N6e7 12. Qg3 Kf8 13. h6 g6 14. exd6 cxd6
15. Bf4 d5 16. Be5 dxc4 17. Bxh8 Nd5 18. Bg7+ Kf7 19. O-O 1-0

[Event "?"]
[Site "ICS Rated blitz match, 208.19"]
[Date "1997.??.??"]
[Round "?"]
[White "Brause"]
[Black "brit"]
[Result "1-0"]
[WhiteElo "2660"]
[BlackElo "2075"]
[PlyCount "67"]

1. e4 e5 2. Nf3 Nc6 3. Nc3 Nf6 4. Nxe5 Nxe5 5. d4 Ng6 6. e5 Ng8 7. Bc4 f5 8.
O-O c6 9. Qf3 Bb4 10. Bxg8 Rxg8 11. Qxf5 Qh4 12. Qd3 Bxc3 13. Qxc3 d5 14. exd6
Be6 15. Re1 Kd7 16. Qb4 b6 17. Be3 Raf8 18. Qa3 a5 19. Rac1 Bd5 20. c4 Bxg2 21.
Kxg2 Qg4+ 22. Kf1 Nf4 23. Bxf4 Rxf4 24. Re7+ Kd8 25. Qb3 b5 26. cxb5 Rgf8 27.
Re2 Rf3 28. Qc2 Qh3+ 29. Ke1 Qxh2 30. Qxc6 Qh1+ 31. Kd2 Qh6+ 32. Kd1 Qh1+ 33.
Kc2 Rxf2 34. Qc7# 1-0

[Event "?"]
[Site "ICS Rated blitz match, 208.19"]
[Date "1997.??.??"]
[Round "?"]
[White "Brause"]
[Black "brit"]
[Result "1-0"]
[WhiteElo "2660"]
[BlackElo "2075"]
[PlyCount "79"]

1. e4 e5 2. Nf3 Nc6 3. Nc3 Nf6 4. Nxe5 Nxe5 5. d4 Nc6 6. d5 Bb4 7. Bg5 Nb8 8.
e5 h6 9. exf6 hxg5 10. fxg7 Rg8 11. Qg4 Bxc3+ 12. bxc3 Qf6 13. Qc4 Na6 14. Be2
Rxg7 15. O-O d6 16. Bf3 Kf8 17. Rad1 g4 18. Be2 Nc5 19. Rd4 Qh6 20. Bd3 Nxd3
21. Qxd3 Rh7 22. Qg3 Bf5 23. Rb4 b6 24. Rc4 Kg7 25. Rxc7 Rah8 26. h3 Qg6 27.
Rxa7 gxh3 28. Qxg6+ Kxg6 29. Rb1 hxg2 30. Rxb6 Rh1+ 31. Kxg2 R8h2+ 32. Kg3 Rh3+
33. Kf4 Rh4+ 34. Ke3 Re1+ 35. Kd2 Rf1 36. Rxd6+ Kg5 37. Ke2 Rc1 38. Ke3 Rxc2
39. Rc7 Rh2 40. a3 1-0

[Event "?"]
[Site "ICS Rated blitz match, 208.19"]
[Date "1997.??.??"]
[Round "?"]
[White "Brause"]
[Black "brit"]
[Result "1-0"]
[WhiteElo "2660"]
[BlackElo "2075"]
[PlyCount "35"]

1. e4 e5 2. Nf3 Nc6 3. Nc3 Nf6 4. Nxe5 Nxe5 5. d4 Nc6 6. d5 Bb4 7. dxc6 Nxe4 8.
Qd4 Qe7 9. Be2 O-O 10. cxb7 Bxb7 11. O-O Nxc3 12. bxc3 Bc5 13. Qg4 Qe4 14. Qxe4
Bxe4 15. Bd3 Rfe8 16. Bf4 d6 17. Rfe1 Kf8 18. Bxe4 1-0

[Event "?"]
[Site "ICS Rated blitz match, 208.19"]
[Date "1997.??.??"]
[Round "?"]
[White "Brause"]
[Black "brit"]
[Result "1-0"]
[WhiteElo "2665"]
[BlackElo "2070"]
[PlyCount "27"]

1. e4 e5 2. Nf3 Nc6 3. Nc3 Nf6 4. Nxe5 Nxe5 5. d4 Nc6 6. d5 Bb4 7. dxc6 Nxe4 8.
Qd4 Qe7 9. Be2 dxc6 10. Qxg7 Rf8 11. Bh6 Nxc3 12. bxc3 Bf5 13. cxb4 Qxb4+ 14.
c3 1-0

[Event "?"]
[Site "ICS Rated blitz match, 208.19"]
[Date "1997.??.??"]
[Round "?"]
[White "Brause"]
[Black "brit"]
[Result "1-0"]
[WhiteElo "2665"]
[BlackElo "2070"]
[PlyCount "71"]

1. e4 e5 2. Nf3 Nc6 3. Nc3 Nf6 4. Nxe5 Nxe5 5. d4 Nc6 6. d5 Bb4 7. dxc6 Nxe4 8.
Qd4 Qe7 9. Be2 O-O 10. cxb7 Bxb7 11. O-O c5 12. Qd3 Nxc3 13. bxc3 Bxc3 14. Qxc3
Qxe2 15. Bb2 Qg4 16. f3 Qg6 17. Rad1 d5 18. Rfe1 Rac8 19. Re7 Ba8 20. Rxa7 d4
21. Qd3 Rfe8 22. Qxg6 hxg6 23. Kf2 Rb8 24. Ba3 Rec8 25. Ra5 Bd5 26. Rd2 Bxa2
27. Rxc5 Rxc5 28. Bxc5 Rc8 29. Bxd4 f6 30. h4 Kf7 31. f4 Bc4 32. g3 f5 33. Be5
Be6 34. Ke3 Ke7 35. Bxg7 Rd8 36. Bf6+ 1-0

[Event "?"]
[Site "ICS Rated blitz match, 208.19"]
[Date "1997.??.??"]
[Round "?"]
[White "Brause"]
[Black "brit"]
[Result "1-0"]
[WhiteElo "2665"]
[BlackElo "2070"]
[PlyCount "95"]

1. e4 e5 2. Nf3 Nc6 3. Nc3 Nf6 4. Nxe5 Nxe5 5. d4 Ng6 6. e5 Bb4 7. exf6 Qxf6 8.
Bc4 Bxc3+ 9. bxc3 O-O 10. O-O d6 11. Be3 Be6 12. Bxe6 Qxe6 13. Qf3 c6 14. Rfe1
d5 15. Rab1 Qd7 16. Re2 Rfe8 17. Rbe1 Re6 18. Qg4 Rae8 19. f3 Qe7 20. Kf2 Nf8
21. c4 dxc4 22. c3 Nd7 23. Qf5 Nb6 24. Kf1 Nd5 25. Bg5 Qd7 26. Bd2 Qd6 27. Rxe6
Rxe6 28. Rxe6 Qxe6 29. Qe4 g6 30. Ke2 Qxe4+ 31. fxe4 Nb6 32. e5 Kf8 33. Kf3 Nd5
34. Ke4 Ke7 35. g3 Ke6 36. h3 f6 37. exf6 Nxf6+ 38. Ke3 b5 39. Kf4 Nd5+ 40. Ke4
a5 41. a3 Kd6 42. g4 c5 43. dxc5+ Kxc5 44. g5 b4 45. cxb4+ axb4 46. axb4+ Nxb4
47. Be3+ Kb5 48. Bd4 1-0

[Event "?"]
[Site "ICS Rated blitz match, 208.19"]
[Date "1997.??.??"]
[Round "?"]
[White "Brause"]
[Black "brit"]
[Result "1-0"]
[WhiteElo "2665"]
[BlackElo "2065"]
[PlyCount "63"]

1. e4 e5 2. Nf3 Nc6 3. Nc3 Nf6 4. Nxe5 Nxe5 5. d4 Ng6 6. e5 Bb4 7. exf6 Qxf6 8.
Bc4 O-O 9. O-O Bxc3 10. bxc3 d6 11. Be3 Be6 12. Bxe6 Qxe6 13. Rb1 b6 14. d5 Qf5
15. Rb4 Rfe8 16. Re1 Re5 17. g4 Qf6 18. f4 Ree8 19. Qd3 Qh4 20. Qe2 Re7 21. f5
Ne5 22. Rf4 Qh3 23. Qf1 Qxf1+ 24. Kxf1 Rae8 25. Bd4 f6 26. Re3 Nd7 27. Re6 Ne5
28. Kf2 a5 29. Re4 Kf7 30. Ke3 Kf8 31. Bxe5 Kf7 32. Bd4 1-0

[Event "?"]
[Site "ICS Rated blitz match, 208.19"]
[Date "1997.??.??"]
[Round "?"]
[White "Brause"]
[Black "brit"]
[Result "1-0"]
[WhiteElo "2670"]
[BlackElo "2065"]
[PlyCount "31"]

1. e4 e5 2. Nf3 Nc6 3. Nc3 Nf6 4. Nxe5 Nxe5 5. d4 Ng6 6. e5 Bb4 7. exf6 Qxf6 8.
Bc4 O-O 9. O-O Bxc3 10. bxc3 d5 11. Bxd5 c6 12. Bb3 Qh4 13. Qd3 Re8 14. Be3 Nf4
15. Qc4 Be6 16. d5 1-0

[Event "?"]
[Site "ICS Rated blitz match, 208.19"]
[Date "1997.??.??"]
[Round "?"]
[White "Brause"]
[Black "brit"]
[Result "1-0"]
[WhiteElo "2670"]
[BlackElo "2065"]
[PlyCount "67"]

1. e4 e5 2. Nf3 Nc6 3. Nc3 Nf6 4. Nxe5 Nxe5 5. d4 Ng6 6. e5 Bb4 7. exf6 Qxf6 8.
Bc4 O-O 9. O-O Bxc3 10. bxc3 d6 11. Be3 Be6 12. Bxe6 Qxe6 13. Rb1 b6 14. d5 Qf5
15. Rb4 Rfe8 16. Re1 Re7 17. Ra4 a5 18. Rd4 Rae8 19. Qd3 Qxd3 20. cxd3 f6 21.
Kf1 Kf7 22. Ke2 Ne5 23. Kd2 Nd7 24. c4 h6 25. Re2 g5 26. h3 f5 27. f4 Kf6 28.
g4 fxg4 29. fxg5+ hxg5 30. Rxg4 Rg8 31. Bxg5+ Rxg5 32. Rf4+ Kg6 33. Rxe7 Ne5
34. Re6+ 1-0

[Event "?"]
[Site "ICS Rated blitz match, 208.19"]
[Date "1997.??.??"]
[Round "?"]
[White "Brause"]
[Black "brit"]
[Result "1-0"]
[WhiteElo "2670"]
[BlackElo "2065"]
[PlyCount "51"]

1. e4 e5 2. Nf3 Nc6 3. Nc3 Nf6 4. Nxe5 Nxe5 5. d4 Ng6 6. e5 Bb4 7. exf6 Qxf6 8.
Bc4 O-O 9. O-O Bxc3 10. bxc3 d6 11. Be3 Be6 12. Bxe6 Qxe6 13. Rb1 b6 14. d5 Qd7
15. Qf3 Rae8 16. Bd4 Re7 17. Rb3 Rfe8 18. Rb2 a5 19. Be3 Qa4 20. Rfb1 f6 21.
Qe2 Qe4 22. Re1 f5 23. Qb5 f4 24. Kf1 fxe3 25. Rxe3 Qxd5 26. Qxd5+ 1-0

[Event "?"]
[Site "ICS Rated blitz match, 208.19"]
[Date "1997.??.??"]
[Round "?"]
[White "Brause"]
[Black "Dorobanov"]
[Result "1-0"]
[WhiteElo "2670"]
[BlackElo "2455"]
[PlyCount "109"]

1. e4 e5 2. Nf3 Nc6 3. Nc3 Nf6 4. Nxe5 Nxe5 5. d4 Ng6 6. e5 Ng8 7. Bc4 d5 8.
Bxd5 c6 9. Bb3 Bb4 10. O-O Bxc3 11. bxc3 a5 12. Qf3 Be6 13. Bxe6 fxe6 14. Rb1
Qd7 15. Bg5 N8e7 16. Rb2 a4 17. Rfb1 b5 18. Rxb5 cxb5 19. Qxa8+ Kf7 20. Qf3+
Ke8 21. Qd3 Kd8 22. Rxb5 Kc7 23. Bxe7 Nxe7 24. Qc4+ Nc6 25. Qxa4 Rb8 26. Rxb8
Nxb8 27. Qxd7+ Kxd7 28. f3 Kc6 29. c4 Nd7 30. Kf2 Nb6 31. c5 Nc4 32. Ke2 Kd5
33. c3 Nb2 34. Kd2 Nc4+ 35. Kd3 Nb2+ 36. Ke2 Nc4 37. g3 g6 38. f4 Nb2 39. Ke1
Nc4 40. h3 Na5 41. Ke2 Kc4 42. Kd2 Nc6 43. Kc2 Na5 44. a3 Nc6 45. a4 Na5 46. g4
Nc6 47. h4 h5 48. gxh5 gxh5 49. Kd2 Na5 50. f5 exf5 51. e6 Nc6 52. a5 Kb5 53.
d5 Ne7 54. d6 Nc6 55. e7 1-0

[Event "?"]
[Site "ICS Rated blitz match, 208.19"]
[Date "1997.??.??"]
[Round "?"]
[White "Brause"]
[Black "honor"]
[Result "1-0"]
[WhiteElo "2620"]
[BlackElo "2130"]
[PlyCount "87"]

1. e4 e5 2. Nf3 Nc6 3. Nc3 Nf6 4. Nxe5 Nxe5 5. d4 Nc6 6. d5 Ne5 7. f4 Ng6 8. e5
Ng8 9. d6 cxd6 10. exd6 Qh4+ 11. g3 Qd8 12. Nb5 Qa5+ 13. Bd2 Qb6 14. Nc7+ Kd8
15. Nxa8 Qxd6 16. Bg2 Qe6+ 17. Qe2 Qxe2+ 18. Kxe2 Nf6 19. Bc3 Bc5 20. Bxf6+
gxf6 21. Bd5 Re8+ 22. Kd2 Re7 23. Rhe1 d6 24. Rxe7 Nxe7 25. Bxf7 Bd7 26. Re1
Nc6 27. Bd5 Kc8 28. Be6 Nd4 29. Bxd7+ Kxd7 30. Kd3 Nc6 31. a3 f5 32. c3 d5 33.
Re2 Ne7 34. b4 Bd6 35. a4 Nc6 36. Re1 b6 37. Re2 Ne7 38. Kd4 Kc6 39. Re6 Kd7
40. Rh6 Kc6 41. h3 Kb7 42. Rxd6 Kxa8 43. Rd8+ Kb7 44. Rd7+ 1-0